| 000 | 02083nam a22003617a 4500 | ||
|---|---|---|---|
| 003 | DO-SdBNP | ||
| 005 | 20180312115823.0 | ||
| 008 | 160511b 2002 dr 00| 0 spa d | ||
| 020 | _a9993490121 (Módulo 5) | ||
| 020 | _a9993490172 (Módulo 6) | ||
| 020 | _a9993490350 (Módulo 8) | ||
| 040 |
_aBPMSU _bspa _cBPMSU |
||
| 082 | 4 |
_a374.83 _bP927e 1ro. 2002-2003 |
|
| 245 |
_aPrepara educación de adultos : _b1º bachillerato / _cManuel García Cartagena ... [et al.] ; editor Obdulia García de Escobar |
||
| 260 |
_aSanto Domingo : _bSecretaría de Estado de Educación ; _bSantillana ; _c2002. |
||
| 300 |
_av. : _bil. ; _c28 cm. |
||
| 490 | 1 | _aSantillana adultos | |
| 500 | _aLa biblioeca posee los módulos del 1 al 9 | ||
| 505 | 0 |
_aPrimera quincena -- _tLengua española -- _tCiencia y tecnología -- _tCiencias sociales -- _tCiencia y tecnología -- _tCiencias de la naturaleza: Biología -- _tCiencia y tecnología -- _tInformática -- _tCiencia y tecnología -- _tMatemáticas -- _tCiencia y tecnología -- _tActividades de evaluación |
|
| 505 | 0 |
_aSegunda quincena -- _tPropósitos -- _tLengua española -- _tCiencia y tecnologia -- _tLenguas extrangeras: inglés -- _tScience and technology -- _tCiencias sociales -- _tCiencia y tecnología -- _tEducación cívica -- _tCiencia y tecnología _tCiencias de la naturaleza: Biología -- _tCiencia y tecnología -- _tMatemáticas -- _tCiencia y tecnología -- _tActividades de evaluación -- _tAutoevaluación -- _tRespuestas autoevaluación |
|
| 650 | 4 |
_aEDUCACIÓN PRIMARIA DE ADULTOS _zREPÚBLICA DOMINICANA |
|
| 650 | 4 |
_aEDUCACIÓN PRIMARIA _zREPÚBLICA DOMINICANA |
|
| 650 | 4 |
_aEDUCACIÓN DE ADULTOS _xLIBROS DE TEXTOS |
|
| 650 | 4 |
_aEDUCACIÓN DE ADULTOS _xESTUDIOS Y EJERCICIOS |
|
| 650 | 4 |
_aEDUCACIÓN DE ADULTOS _zENSEÑANZA BÁSICA |
|
| 700 | 1 | 2 | _3García, Obdulia |
| 710 | 1 | 2 |
_aRepública Dominicana. _bSecretaria de Estado de Cultura. |
| 830 | 0 | _aSantillana adulto | |
| 910 | _aValidado. Control de calidad MFF | ||
| 942 |
_2ddc _cBK |
||
| 945 | _aRemanejada para la BNPHU 2018 / BT | ||
| 956 |
_aBTAVÁREZ _b10 _dBPMSU _h0038 |
||
| 999 |
_c10081 _d10081 |
||